000 00552nam a2200217 a 4500
999 _c8730
_d8730
001 8730
003 BD-JhCC
005 20180301183055.0
008 180301s1967 r a|||| || | 000 0 eng d
035 _a(BD-JhCC)8730
040 _aBD-JhCC
_dBD-JhCC
041 _aeng
082 _a690.094731
_bPRO 1967
100 _aPromyslov, V
245 _aMoscow in Constraction /
_cV. Promyslov,
260 _aMoscow :
_bMir Publishers,
_c1967.
300 _a364 p. :
_bill. ;
_c23 cm.
650 _aConstraction industry
942 _2ddc
_cBK